Biblioteca y Centro de Documentación

Vista normal Vista MARC

Entrada Nombre corporativo

Número de registros utilizados en: 1

001 - NÚMERO DE CONTROL

  • Campo de control: 39220

003 - IDENTIFICADOR DE NÚMERO DE CONTROL

  • Campo de control: ES-MaCES

005 - FECHA Y HORA DE LA ULTIMA MODIFICACION

  • Campo de control: 20180726130017.0

008 - ELEMENTOS DE DATOS DE LONGITUD FIJA

  • Campo de longitud fija: 180726|| azz||aabn | a|a d

040 ## - FUENTE DE LA CATALOGACIÓN

  • Agencia original de catalogación: ES-MaCES

110 2# - ENCABEZAMIENTO--NOMBRE CORPORATIVO

  • Nombre corporativo o de jurisdicción como elemento de entrada: Instituto de Investigación Transjus

410 ## - TRAZADO VEÁSE--NOMBRE CORPORATIVO

  • Nombre corporativo o de jurisdicción como elemento de entrada: Universidad de Barcelona
  • Unidad subordinada: Transjus
  • Unidad subordinada: Instituto de Investigación
  • Unidad subordinada: Facultad de Derecho

410 ## - TRAZADO VEÁSE--NOMBRE CORPORATIVO

  • Nombre corporativo o de jurisdicción como elemento de entrada: Universitat de Barcelona
  • Unidad subordinada: Transjus
  • Unidad subordinada: Unstitut de Recerca
  • Unidad subordinada: Facultat de Dret

670 ## - FUENTE DE DATOS ENCONTRADOS

  • Fuente de citación: http://www.ub.edu/instituttransjus
  • Información encontrada: TransJus es un instituto de investigación de la Universidad de Barcelona, con sede en la Facultad de Derecho, en el que más de 60 investigadores académicos y colaboradores de todas las áreas del Derecho, de la Criminología, la Gestión y Administración Pública, las Relaciones Laborales y de las Ciencias Políticas, en colaboración con la sociedad, encuentran un espacio de transdisciplinaridad para unir sinergias y afrontar problemas, mediante seminarios, congresos, jornadas, debates, publicaciones de distinto tipos y proyectos de investigación conjuntos con integración en redes internacionales.
© CES, Consejo Económico y Social de España 2021